|
|
|
|
| LEADER |
00000nam0a2200000 4500 |
| 001 |
327365 |
| 005 |
20231102003943.0 |
| 035 |
|
|
|a (RuTPU)RU\TPU\book\353025
|
| 090 |
|
|
|a 327365
|
| 100 |
|
|
|a 20170128d1938 m y0rusy50 ca
|
| 101 |
1 |
|
|a rus
|c eng
|
| 102 |
|
|
|a RU
|
| 105 |
|
|
|a a z 001zy
|
| 200 |
1 |
|
|a "В понедельник в 8"
|e трагический фарс
|e пер. с англ.
|f Э. Фербер, Дж. Кауфман
|g Ленинградский государственный театр комедии
|
| 210 |
|
|
|a Ленинград
|c [Б. и.]
|d 1938
|
| 215 |
|
|
|a 39 с.
|c ил.
|
| 606 |
1 |
|
|a Театр
|2 stltpush
|3 (RuTPU)RU\TPU\subj\58738
|9 76490
|
| 610 |
1 |
|
|a театральная жизнь
|
| 610 |
1 |
|
|a театральная культура
|
| 610 |
1 |
|
|a театральные спектакли
|
| 610 |
1 |
|
|a трагикомедии
|
| 610 |
1 |
|
|a Ленинград
|
| 610 |
1 |
|
|a 20 век
|
| 675 |
|
|
|a 793
|v 4
|
| 700 |
|
1 |
|a Фербер
|b Э.
|g Эдна
|
| 701 |
|
1 |
|a Кауфман
|b Дж.
|
| 712 |
0 |
2 |
|a Ленинградский государственный театр комедии
|2 stltpush
|3 (RuTPU)RU\TPU\col\27603
|
| 801 |
|
1 |
|a RU
|b 63413507
|c 20170128
|
| 801 |
|
2 |
|a RU
|b 63413507
|c 20201006
|g RCR
|
| 942 |
|
|
|c BK
|